Build Africa Contiguously Quiz Stats

 Plays Quiz not verified by Sporcle

Score 0/54 Timer 05:00
5 Plays Today
% Correct
Cabo
Verde<
100%
Comoros<
100%
D.R. Congo<
100%
Madagascar<
100%
Mauritius<
100%
São Tomé & Príncipe<
100%
Seychelles<
100%
Sudan<
76.1%
So. Sudan<
75.8%
Egypt<
74.9%
Libya<
74.5%
Chad<
73.8%
Algeria<
73.8%
Kenya<
73.8%
Cen. Afr. Rep.<
73.6%
Ethiopia<
73.4%
Niger<
73.1%
Rep.
Congo<
73%
Rwa.<
72.9%
Nigeria<
72.7%
Uganda<
72.7%
South
Africa<
72.3%
Tanzania<
72.3%
Somalia<
71.6%
Angola<
70.7%
Mali<
70.8%
Morocco<
70.6%
% Correct
Zambia<
70.4%
Tunisia<
70.3%
Namibia<
69.8%
Zimbw.<
69.7%
Mozmb.<
69.4%
Eritrea<
69.2%
Lesotho<
69.2%
Cameroon<
68.7%
Botswana<
68.4%
Dji.<
68%
Mauritania<
67.4%
Bur.<
67.1%
eSwatini<
66.8%
Malawi<
64.2%
Togo<
63.6%
Ben.<
63.5%
Senegal<
62.6%
B. Faso<
62.2%
Gabon<
61.9%
Gha.<
61.6%
C. d'Iv.<
60.5%
Eq. Guin.<
59.6%
Guinea<
58.7%
Gamb.<
58.6%
Libr.<
56.4%
Gu.-Biss.<
54.9%
Srra. Leo.<
53.5%

You're not logged in!

Compare scores with friends on all Sporcle quizzes.
OR
Log In

Show Comments

Extras

Top Quizzes Today


Score Distribution

Your Account Isn't Verified!

In order to create a playlist on Sporcle, you need to verify the email address you used during registration. Go to your Sporcle Settings to finish the process.

Report this User

Report this user for behavior that violates our Community Guidelines.

Details: